000
00319nam a2200133Ia 4500
008
151001s9999||||xx |||||||||||||| ||und||
100
_a
Kaushik Bhattacharya
245
_a
a gimpes of rabindrnathas india
250
_a
1
260
_b
kastari bhattacharya kolkata
260
_c
2011
300
_a
76
365
_b
21
999
_c
999247
_d
999244